Southville International School and Colleges
Your cart is empty.
  • Cart
  • Lists
    Public lists Eva Luna New books Lux_list list_1
    Your lists Log in to create your own lists
  • Log in to your account
  • Your cookies
  • Search history
Southville International School and Colleges
  • Advanced search
  • Recent comments
  • Most popular
  • Libraries

Log in to your account

Log in with GOOGLE


If you do not have an external account, but do have a local account, you can still log in:

  1. Home
  2. MARC view: Dandelions : stars in the grass /
Normal view MARC view ISBD view

Dandelions : stars in the grass / (Record no. 110125)

[ view plain ]
MARC details
000 -LEADER
fixed length control field 00538nam a2200193 a 4500
001 - CONTROL NUMBER
control field 2967
005 - DATE AND TIME OF LATEST TRANSACTION
control field 20140414131850.0
008 - FIXED-LENGTH DATA ELEMENTS--GENERAL INFORMATION
fixed length control field 051130s19uu xx 00 eng d
020 ## - INTERNATIONAL STANDARD BOOK NUMBER
International Standard Book Number 0-439-27308-0
050 ## - LIBRARY OF CONGRESS CALL NUMBER
Classification number M 581.3
Item number P84 2003
100 ## - MAIN ENTRY--PERSONAL NAME
Personal name Posada, Mia
245 ## - TITLE STATEMENT
Title Dandelions : stars in the grass /
Statement of responsibility, etc by Mia Posadas.
260 ## - PUBLICATION, DISTRIBUTION, ETC. (IMPRINT)
Place of publication, distribution, etc New York :
Name of publisher, distributor, etc Scholastic,
Date of publication, distribution, etc 2003.
300 ## - PHYSICAL DESCRIPTION
Extent 1 v. p. ; cm.
500 ## - GENERAL NOTE
General note "Cartwheel Books"
650 ## - SUBJECT ADDED ENTRY--TOPICAL TERM
Topical term or geographic name as entry element Plants
General subdivision Juvenile literature.
650 ## - SUBJECT ADDED ENTRY--TOPICAL TERM
Topical term or geographic name as entry element Growth
General subdivision Juvenile literature.
Holdings
Withdrawn status Lost status Damaged status Use restrictions Home library Current library Shelving location Date acquired Source of acquisition Cost, normal purchase price Total Checkouts Full call number Barcode Date last seen Price effective from Koha item type
        Munich Library Munich Library Main Section 11/30/2005   150.00   M 581.3 P84 2003 M0423 04/14/2014 04/14/2014 Books

Dandelions : stars in the grass /

APA

Posada M., . (2003). Dandelions : stars in the grass. New York: Scholastic.

Chicago

Posada Mia, . 2003. Dandelions : stars in the grass. New York: Scholastic.

Harvard

Posada M., . (2003). Dandelions : stars in the grass. New York: Scholastic.

MLA

Posada Mia, . Dandelions : stars in the grass. New York: Scholastic. 2003.

  • Place hold
  • Print
  • Cite
  • Add to your cart (remove)
  • Save record
    BIBTEX Dublin Core MARCXML MARC (non-Unicode/MARC-8) MARC (Unicode/UTF-8) MARC (Unicode/UTF-8, Standard) MODS (XML) RIS
  • More searches
    Search for this title in:
    Other Libraries (WorldCat) Other Databases (Google Scholar) Online Stores (Bookfinder.com) Open Library (openlibrary.org)

Exporting to Dublin Core...

SOUTHVILLE LIBRARY

Southville International School and Colleges Library

1281 Tropical Ave. Cor. Luxembourg St., BF Homes International, Las Pinas City

Tel. No. 8256374 / 252358 Loc. 117/146

Powered by Koha